|
|
|
|
| LEADER |
00000nab a2200000 a 4500 |
| 001 |
vtls011123028 |
| 003 |
SK-MaSNL |
| 005 |
20260303133123.0 |
| 008 |
230218|2003 xo |||||||||||||||||eng| |
| 015 |
|
|
|a SNBRB
|
| 035 |
|
|
|a (uuid)4851d427-dd7b-4e41-a3cb-d212fc76fc1a
|
| 035 |
|
|
|a (urnnbn)urn:nbn:sk:snk:ar-a08z5v
|
| 035 |
|
|
|a urn:nbn:sk:snk-ab9vbc
|
| 040 |
|
|
|a SNKBUCL
|b slo
|c SNKBUCL
|e AACR2
|
| 041 |
0 |
|
|a eng
|
| 044 |
|
|
|a xo
|c SK
|
| 100 |
1 |
|
|a Činčura, Juraj,
|d 1938-
|4 aut
|9 212862
|
| 245 |
1 |
0 |
|a PALEOGEOGRAPHY OF THE CRETACEOUS KARST IN THE LIGHT OF GEOCHEMICAL METHODS
|c Juraj Činčura, Ľubica Puškelová
|
| 700 |
1 |
|
|a Puškelová, Ľubica
|4 aut
|9 11922
|
| 773 |
0 |
|
|t Geomorphologia Slovaca
|g Roč. 3, č. 1 (2003), s. 27-28
|
| 958 |
|
|
|a OND
|
| 958 |
|
|
|a EUIPO
|
| 958 |
|
|
|a article13
|
| 999 |
|
|
|c 1955152
|d 1957082
|